|
|
|
|
| LEADER |
00638nab a2200205 i 4500 |
| 001 |
publ20810 |
| 005 |
20230111142133.0 |
| 008 |
210215s2008 hu o 0|| zxx d |
| 022 |
|
|
|a 1417-2844
|
| 024 |
7 |
|
|a 1592888
|2 mtmt
|
| 040 |
|
|
|a SZTE Publicatio Repozitórium
|b hun
|
| 041 |
|
|
|a zxx
|
| 100 |
1 |
|
|a Soós Edit
|
| 245 |
1 |
0 |
|a Hungarian Experiences of Cross-Border Cooperation
|h [elektronikus dokumentum] /
|c Soós Edit
|
| 260 |
|
|
|c 2008
|
| 300 |
|
|
|a 123-157
|
| 490 |
0 |
|
|a FUNDAMENTUM
|v 12
|
| 700 |
0 |
1 |
|a Fejes Zsuzsanna
|e aut
|
| 700 |
0 |
1 |
|a Kántás Balázs
|e aut
|
| 856 |
4 |
0 |
|u http://publicatio.bibl.u-szeged.hu/20810/11/1592888.pdf
|z Dokumentum-elérés
|